Don-Kihot Lamancskij (Record no. 3183)

MARC details
000 -CABECERA
campo de control de longitud fija 01781nam a2200325 a 4500
001 - NÚMERO DE CONTROL
campo de control BRCA_3447
005 - FECHA Y HORA DE LA ÚLTIMA TRANSACCIÓN
campo de control 20190320204304.0
041 ## - CÓDIGO DE LENGUA
Código de lengua del texto/banda sonora o título independiente rus
044 ## - CÓDIGO DEL PAÍS DE LA ENTIDAD EDITORA/PRODUCTORA
Código MARC del país ru
084 ## - OTRO NÚMERO DE CLASIFICACIÓN
Número de clasificación 736
Número de documento/Ítem .S36
-- 1881
100 1# - ENTRADA PRINCIPAL--NOMBRE DE PERSONA
Nombre de persona Cervantes Saavedra, Miguel de
Fechas asociadas al nombre 1547-1616
9 (RLIN) 213
245 10 - MENCIÓN DE TÍTULO
Título Don-Kihot Lamancskij
Mención de responsabilidad, etc. Socinenie Migelja Servantesa Saaveddry.
260 ## - PUBLICACIÓN, DISTRIBUCIÓN, ETC.
Lugar de publicación, distribución, etc. San Petersburgo
Nombre del editor, distribuidor, etc. Izdanie N. A. Scigina
Fecha de publicación, distribución, etc. 1881
300 ## - DESCRIPCIÓN FÍSICA
Extensión 2 v.
Otras características físicas il.
Dimensiones 25 cm.
500 ## - NOTA GENERAL
Nota general Contenido : v.1. Primera parte. Retrato del autor. Vida de Cervantes. Breve estudio de su obra. -- v.2. Segunda parte. ´El donquijotismo y el demonismo´, escrito por V. Karelin
500 ## - NOTA GENERAL
Nota general Edición : S 312 risunkami. Perevod s ispanskago V. Karelina s prilozeniem kriticeskago etjuda V. Karelina: ´Donkihotizm´ i ´Demonizm´. Izdanie tre´e illjustrirovannoe
500 ## - NOTA GENERAL
Nota general Traducción rusa de V. Karelin, hecha sobre la versión francesa del Quijote, como lo probó el hispanista ruso Smirnov, a pesar de la afirmación contraria del traductor Karelin, quien dice haberla traducido directamente del original español. Versión aceptable, bien impresa y profusamente ilustrada con los dibujos de Johannot y Roux. Tela; lomos y planos decorados con dorados Lúdovik Osterc
500 ## - NOTA GENERAL
Nota general Estado físico : Encuadernación maltratada
500 ## - NOTA GENERAL
Nota general QM561
546 ## - NOTA DE LENGUA/LENGUAJE
Nota de lengua/lenguaje Texto en : ruso
650 14 - PUNTO DE ACCESO ADICIONAL DE MATERIA--TÉRMINO DE MATERIA
Término de materia o nombre geográfico como elemento de entrada Novela española
Subdivisión cronológica Época clásica, 1500-1700
9 (RLIN) 215
650 14 - PUNTO DE ACCESO ADICIONAL DE MATERIA--TÉRMINO DE MATERIA
Término de materia o nombre geográfico como elemento de entrada Literatura española
Subdivisión cronológica Época clásica, 1500-1700
9 (RLIN) 216
650 14 - PUNTO DE ACCESO ADICIONAL DE MATERIA--TÉRMINO DE MATERIA
Término de materia o nombre geográfico como elemento de entrada Novela española
Subdivisión cronológica Siglo XVII
9 (RLIN) 217
650 14 - PUNTO DE ACCESO ADICIONAL DE MATERIA--TÉRMINO DE MATERIA
Término de materia o nombre geográfico como elemento de entrada Don Quijote (Personaje ficticio)
Término indicativo de función/relación Novela
9 (RLIN) 218
700 1# - PUNTO DE ACCESO ADICIONAL--NOMBRE DE PERSONA
Nombre de persona Karelin, V.
Término indicativo de función/relación Traductora
9 (RLIN) 9018
700 1# - PUNTO DE ACCESO ADICIONAL--NOMBRE DE PERSONA
Nombre de persona Johannot, Tony
Fechas asociadas al nombre 1803-1852
Término indicativo de función/relación Ilustrador
9 (RLIN) 9019
740 0# - PUNTO DE ACCESO ADICIONAL--TÍTULO RELACIONADO O ANALÍTICO NO CONTROLADO
Título relacionado o analítico no controlado El Ingenioso Hidalgo Don Quijote de la Mancha
902 ## - CATALOGADOR
Iniciales QFM
942 ## - ELEMENTOS DE PUNTO DE ACCESO ADICIONAL (KOHA)
Fuente del sistema de clasificación o colocación Library of Congress Classification
Tipo de ítem Koha Libros
Holdings
Estado de retiro Estado de pérdida Estado dañado No para préstamo Localización permanente Ubicación/localización actual Fecha de adquisición Número de inventario Total de préstamos Signatura topográfica completa Código de barras Fecha visto por última vez Precio válido a partir de Tipo de ítem Koha
El ejemplar forma parte de la colección y puede ser consultado según las políticas vigentes.       Biblioteca del Museo Franz Mayer (Rogerio Casas-Alatriste) Biblioteca del Museo Franz Mayer (Rogerio Casas-Alatriste) 14/04/2009 QM561   736 .S36 1881 (QM561) 3444 22/03/2019 22/03/2019 Libros